000 00229nam a2200097Ia 4500
008 190216s9999||||xx |||||||||||||| ||und||
100 _aMenon C P
245 0 _aThanmathriya Spectroscopy
260 _bKerala Basha Inst
942 _cBK
999 _c38263
_d38263